Jordan Davis & Luke Bryan - Buy Dirt Lyrics - Statistics

General Stats
  • This quiz has been taken 89 times
  • The average score is 165 of 198
Answer Stats
Hint Answer % Correct
A
100%
a
100%
Chorus Buy
97%
buy
97%
dirt
97%
I
97%
you
97%
can
95%
can't
95%
Do
95%
Find
95%
find
95%
live
95%
on
95%
one
95%
the
95%
without
95%
Get
94%
get
94%
in
94%
ring
94%
"What
94%
what
94%
few
92%
to
92%
your
92%
And
90%
and
90%
ground
90%
it
90%
knee
90%
love
90%
but
89%
by
89%
call
89%
hit
89%
let
89%
up
89%
he
87%
He
87%
little
87%
said
87%
Said
87%
work
87%
throw
85%
at
84%
church
84%
days
84%
money
84%
of
82%
out
82%
before
81%
Before
81%
dollar"
81%
dollar
81%
down
81%
lately?"
81%
plate
81%
all
79%
been
79%
put
79%
family
77%
me
77%
turned
77%
80
76%
about
76%
back
76%
Cause
76%
"Chasing
76%
deep
76%
grow
76%
happiness
76%
him
76%
roots
76%
told
76%
tree
76%
was
76%
cents
74%
coffee
74%
is
74%
my
74%
poured
74%
that
74%
two
74%
wisdom
74%
Add
73%
between
73%
grass
73%
makin
73%
rocker
73%
sips
73%
sittin'
73%
then
73%
want
73%
yard
73%
limbs
71%
quick
71%
real
71%
So
71%
truth
71%
goes
69%
pencil
69%
tell
69%
count
68%
fence
68%
"If
68%
marks
68%
Send
68%
around
66%
prayers
66%
it's
65%
ladder
65%
watch
65%
matter
63%
things
63%
caught
61%
for
61%
laid
61%
making
61%
their
60%
this
60%
ain't
56%
good
55%
Lord
53%
more
50%
thank
47%
Yeah
42%
Chorus Chorus
5%
No matching quizzes found
Score Distribution
Percent of People with Each Score
Percentile by Number Answered
Your Score History
You have not taken this quiz